[Event "ICS rated blitz match"]
[Site "204.178.125.65"]
[Date "2001.09.01"]
[Round "?"]
[White "Hossa"]
[Black "nyul"]
[Result "1-0"]
[WhiteElo "2514"]
[BlackElo "2105"]
[PlyCount "27"]
[EventDate "2001.??.??"]

1. e4 e5 2. Nf3 Nc6 3. d4 exd4 4. Nxd4 Nxd4 5. Qxd4 Qf6 6. e5 Qb6 7. Qxb6 axb6
8. Nc3 d6 9. Nd5 Kd8 10. Bg5+ Be7 11. exd6 Bxg5 12. dxc7+ Ke8 13. Nxb6 Ra6 14.
Bxa6 {nyul resigns} 1-0

[Event "ICS rated blitz match"]
[Site "204.178.125.65"]
[Date "2001.09.01"]
[Round "?"]
[White "nyul"]
[Black "Hossa"]
[Result "0-1"]
[WhiteElo "2102"]
[BlackElo "2517"]
[PlyCount "110"]
[EventDate "2001.??.??"]

1. e4 e6 2. d4 d5 3. exd5 exd5 4. Bd3 Bd6 5. Nf3 Nf6 6. O-O O-O 7. Bg5 Re8 8.
Nbd2 Bg4 9. c3 Nbd7 10. Qc2 Qb8 11. h3 Bxf3 12. Nxf3 c6 13. Rfe1 Qc7 14. Bf5 b6
15. Rad1 Bf4 16. Bxf4 Qxf4 17. Bxd7 Nxd7 18. Qd2 Qf5 19. Re3 Rxe3 20. Qxe3 Qc2
21. Qd2 Qxd2 22. Rxd2 Re8 23. Kf1 Nf6 24. Re2 Ne4 25. Nd2 Nxd2+ 26. Rxd2 f5 27.
f3 Kf7 28. Kf2 g5 29. Re2 Rxe2+ 30. Kxe2 Kg6 31. Kf2 f4 32. b4 Kh5 33. g3 fxg3+
34. Kxg3 Kg6 35. a4 a5 36. f4 Kf5 37. fxg5 Kxg5 38. h4+ Kf5 39. Kf3 h5 40. Kg3
Ke4 41. Kh3 Kd3 42. Kg3 Kxc3 43. bxa5 bxa5 44. Kf4 Kxd4 45. Kg5 c5 46. Kxh5 c4
47. Kg6 c3 48. h5 c2 49. h6 c1=Q 50. h7 Qb1+ 51. Kg7 Qxh7+ 52. Kxh7 Ke5 53. Kg6
d4 54. Kf7 d3 55. Ke7 d2 {nyul resigns} 0-1

[Event "ICS rated blitz match"]
[Site "204.178.125.65"]
[Date "2001.09.01"]
[Round "?"]
[White "Hossa"]
[Black "postalex"]
[Result "1-0"]
[WhiteElo "2520"]
[BlackElo "2064"]
[PlyCount "45"]
[EventDate "2001.??.??"]

1. e4 Nc6 2. Nf3 d6 3. d4 Nf6 4. Nc3 g6 5. d5 Ne5 6. Nxe5 dxe5 7. f4 Nd7 8. Bb5
Bg7 9. fxe5 Bxe5 10. O-O O-O 11. Bh6 Bg7 12. Bxg7 Kxg7 13. Qd4+ f6 14. Bxd7
Qxd7 15. e5 c6 16. Rae1 cxd5 17. exf6+ exf6 18. Nxd5 Rf7 19. Rxf6 Rxf6 20.
Qxf6+ Kh6 21. Re4 Qxd5 22. Rh4+ Qh5 23. Qf8+ {postalex resigns} 1-0

[Event "ICS rated standard match"]
[Site "204.178.125.65"]
[Date "2001.09.01"]
[Round "?"]
[White "petereks"]
[Black "Hossa"]
[Result "1-0"]
[WhiteElo "2474"]
[BlackElo "2253"]
[PlyCount "98"]
[EventDate "2001.??.??"]

1. d4 d5 2. c4 dxc4 3. e4 e5 4. Nf3 exd4 5. Bxc4 Bb4+ 6. Nbd2 c5 7. O-O Nf6 8.
e5 Nfd7 9. a3 Bxd2 10. Bxd2 Nb6 11. Bb5+ Bd7 12. Bg5 Qc7 13. Bxd7+ N6xd7 14. b4
h6 15. Bh4 b6 16. e6 fxe6 17. Nxd4 cxd4 18. Qh5+ Kf8 19. Qf3+ Nf6 20. Qxa8 Kf7
21. Rac1 Qe7 22. Bg3 e5 23. f4 e4 24. f5 Rd8 25. Bxb8 d3 26. Qxa7 d2 27. Rc7
Nd7 28. Qb7 Qd6 29. Rd1 e3 30. Rxd7+ Rxd7 31. Bxd6 Rxb7 32. Kf1 Ra7 33. Ke2
Rxa3 34. Bf4 Kf6 35. Bxe3 Ra4 36. Rxd2 Rxb4 37. Rd5 Kf7 38. Kf3 h5 39. Bd4 b5
40. Ke3 Ke8 41. Bxg7 Rg4 42. Rxb5 Rxg7 43. Rb8+ Ke7 44. Rb7+ Kf6 45. Rxg7 h4
46. Kf4 h3 47. Rg6+ Kf7 48. g4 Kf8 49. Ke5 Ke7 {Hossa resigns} 1-0

[Event "ICS unrated blitz match"]
[Site "204.178.125.65"]
[Date "2001.09.01"]
[Round "?"]
[White "Hossa"]
[Black "diep"]
[Result "1-0"]
[WhiteElo "2517"]
[BlackElo "2847"]
[PlyCount "71"]
[EventDate "2001.??.??"]

1. e4 c6 2. d4 d5 3. Nd2 dxe4 4. Nxe4 Nd7 5. Bc4 Ngf6 6. Ng5 e6 7. Qe2 Nb6 8.
Bd3 c5 9. dxc5 Bxc5 10. Bd2 Na4 11. O-O-O Qd5 12. Kb1 Qxg2 13. N1h3 O-O 14.
Rhg1 Qd5 15. b3 h6 16. Ne4 Nxe4 17. Bxe4 Qd6 18. bxa4 Bd4 19. Rg3 Bd7 20. Bxh6
Qb4+ 21. Rb3 Qxa4 22. Rxd4 Qxd4 23. Bxg7 Qxg7 24. Rg3 Qxg3 25. hxg3 Rfb8 26.
Qg4+ Kf8 27. Qf3 Ke7 28. Qa3+ Ke8 29. Ng5 a5 30. Qd6 Ba4 31. Nxe6 f5 32. Bxf5
Bxc2+ 33. Bxc2 Kf7 34. Ng5+ Kg7 35. Qg6+ Kf8 36. Qf7# {diep checkmated} 1-0

[Event "ICS rated blitz match"]
[Site "204.178.125.65"]
[Date "2001.09.01"]
[Round "?"]
[White "QueenMaxima"]
[Black "Hossa"]
[Result "0-1"]
[WhiteElo "2456"]
[BlackElo "2517"]
[PlyCount "122"]
[EventDate "2001.??.??"]

1. e4 e6 2. d4 d5 3. exd5 exd5 4. Bd3 Bd6 5. Ne2 Nf6 6. Nbc3 O-O 7. O-O c6 8.
Re1 Ng4 9. h3 Bh2+ 10. Kf1 Nxf2 11. Kxf2 Qf6+ 12. Ke3 Re8+ 13. Be4 dxe4 14.
Nxe4 Qh4 15. N2c3 f5 16. Rh1 fxe4 17. Qf1 Bg3 18. b3 Qg5+ 19. Ke2 Qh5+ 20. Ke3
Bf5 21. Ba3 Qg5+ 22. Ke2 Bg6 23. Kd1 Bh5+ 24. Ne2 Qe3 25. Rb1 Qxd4+ 26. Kc1
Qe3+ 27. Kb2 Be5+ 28. c3 Qd2+ 29. Ka1 Bxe2 30. Qc1 Bxc3+ 31. Bb2 Qxc1 32. Rhxc1
Bd2 33. Rc2 e3 34. Rg1 Bd3 35. Rxd2 exd2 36. Bc3 Re2 37. Rd1 Rxg2 38. Rxd2 Rxd2
39. Bxd2 Nd7 40. Kb2 Nf6 41. h4 Nd5 42. a4 Rf8 43. Ka3 Rf1 44. h5 Rh1 45. h6
Rxh6 46. Bxh6 gxh6 47. Kb2 h5 48. a5 h4 49. a6 Bxa6 50. Kc2 h3 51. b4 Nxb4+ 52.
Kc3 c5 53. Kd2 Nd5 54. Kd1 Kf7 55. Kc1 Ke6 56. Kd1 h2 57. Kc1 h1=Q+ 58. Kb2
Qh2+ 59. Ka1 Nb4 60. Kb1 Qc2+ 61. Ka1 Qa2# {QueenMaxima checkmated} 0-1

[Event "ICS rated blitz match"]
[Site "204.178.125.65"]
[Date "2001.09.01"]
[Round "?"]
[White "Hossa"]
[Black "QueenMaxima"]
[Result "1-0"]
[WhiteElo "2530"]
[BlackElo "2443"]
[PlyCount "123"]
[EventDate "2001.??.??"]

1. e4 d6 2. d4 Nf6 3. Nd2 g6 4. Ngf3 Bg7 5. Bd3 O-O 6. O-O Nc6 7. d5 Nb8 8. Nb3
c6 9. c4 Bg4 10. h3 Bxf3 11. Qxf3 Nbd7 12. Qe2 Ne5 13. Bg5 Rc8 14. Bc2 b5 15.
Nd4 bxc4 16. dxc6 Nxc6 17. Nxc6 Rxc6 18. Be3 Qa5 19. Rfb1 Rb8 20. Qd1 Nh5 21.
g4 Nf6 22. f4 Ne8 23. Ba4 Rcc8 24. Bd7 Rd8 25. Qa4 Qxa4 26. Bxa4 Bxb2 27. Bxa7
Bxa1 28. Bxb8 Bd4+ 29. Kg2 c3 30. Rb7 f5 31. Kf3 d5 32. exd5 e6 33. dxe6 fxg4+
34. hxg4 c2 35. Bxc2 Rc8 36. Bb3 h5 37. gxh5 gxh5 38. f5 Rc3+ 39. Ke4 Bg7 40.
a4 Nf6+ 41. Kf4 Bh6+ 42. Ke5 Ng4+ 43. Kd4 Rxb3 44. Rxb3 Bg7+ 45. Kd5 Nf6+ 46.
Kc6 Bf8 47. a5 Ne8 48. a6 Ng7 49. Rf3 Kh7 50. a7 Nxf5 51. Rxf5 Bb4 52. Rxh5+
Kg6 53. Rc5 Bxc5 54. Kxc5 Kf6 55. Kc6 Kxe6 56. a8=Q Kf5 57. Qa4 Kf6 58. Qe4 Kg7
59. Qe6 Kf8 60. Qg6 Ke7 61. Bc7 Kf8 62. Bd6# {QueenMaxima checkmated} 1-0

[Event "ICS rated blitz match"]
[Site "204.178.125.65"]
[Date "2001.09.01"]
[Round "?"]
[White "QueenMaxima"]
[Black "Hossa"]
[Result "1/2-1/2"]
[WhiteElo "2431"]
[BlackElo "2542"]
[PlyCount "179"]
[EventDate "2001.??.??"]

1. e4 c5 2. Bc4 Nc6 3. Nf3 d6 4. O-O Nf6 5. d3 e6 6. Nc3 Be7 7. Bg5 O-O 8. Re1
Bd7 9. a4 Ng4 10. Bxe7 Qxe7 11. a5 f5 12. a6 b6 13. exf5 Rxf5 14. Nd5 Qd8 15.
Nc3 Nce5 16. Nxe5 Nxe5 17. Ne4 Qe7 18. Ng3 Rf4 19. Ne2 Rff8 20. f4 Ng4 21. h3
Ne3 22. Qd2 Nxc4 23. dxc4 Bc6 24. Rad1 Rad8 25. Nc3 Qf6 26. Qe3 Rfe8 27. Kh2
Rd7 28. g3 h5 29. Rd2 h4 30. g4 e5 31. f5 Ba8 32. Red1 e4 33. Kh1 Bc6 34. Kg1
Qe5 35. b3 Ba8 36. Nb5 Red8 37. Nc3 Rf8 38. Kh1 Re8 39. Ne2 d5 40. cxd5 Rxd5
41. Rxd5 Bxd5 42. Nf4 Bf7 43. Ng2 c4 44. bxc4 Bxc4 45. Rd7 Qa1+ 46. Kh2 Qe5+
47. Kh1 Ra8 48. Nxh4 Bxa6 49. f6 Qxf6 50. Nf5 Qa1+ 51. Kg2 Bf1+ 52. Kh2 Qe5+
53. Kh1 Qa1 54. Rxg7+ Kf8 55. Kh2 Qe5+ 56. Kh1 Qa1 57. Qg1 Rc8 58. c4 Qd1 59.
Rh7 Qf3+ 60. Kh2 Rxc4 61. Rh8+ Kf7 62. Nd6+ Kg7 63. Nxc4 Kxh8 64. Qd4+ Kg8 65.
Qd8+ Kh7 66. Qc7+ Kh6 67. Qd6+ Kg7 68. Qe5+ Qf6 69. Qc7+ Kg8 70. Qb8+ Qf8 71.
Qxf8+ Kxf8 72. Ne5 e3 73. h4 a5 74. Kg3 b5 75. Kf3 e2 76. Nd3 b4 77. Ke3 a4 78.
Kd2 b3 79. g5 a3 80. Kc3 b2 81. Kc2 Bg2 82. h5 Be4 83. Kd2 Bxd3 84. Kxd3 e1=Q
85. Kc4 a2 86. h6 Qh4+ 87. Kd5 Qxg5+ 88. Kd6 Qxh6+ 89. Kc7 Qc6+ 90. Kxc6 {
Hossa ran out of time and QueenMaxima has no material to mate} 1/2-1/2

[Event "ICS rated blitz match"]
[Site "204.178.125.65"]
[Date "2001.09.01"]
[Round "?"]
[White "Hossa"]
[Black "QueenMaxima"]
[Result "1-0"]
[WhiteElo "2537"]
[BlackElo "2436"]
[PlyCount "135"]
[EventDate "2001.??.??"]

1. e4 d6 2. Nc3 g6 3. d4 Nf6 4. Bd3 Bg7 5. Nf3 Bg4 6. O-O Nc6 7. Be3 O-O 8. h3
Bxf3 9. Qxf3 Nb4 10. e5 dxe5 11. dxe5 Nd7 12. e6 fxe6 13. Qxb7 Rb8 14. Qxa7
Nxd3 15. cxd3 Rxb2 16. Rac1 Qb8 17. Qa6 Nb6 18. a4 Kh8 19. Ne4 Ra2 20. Bxb6
cxb6 21. Qc4 Re2 22. Qxe6 Bd4 23. Qxe7 Bxf2+ 24. Kh1 Bc5 25. Rxf8+ Qxf8 26.
Qe5+ Qg7 27. Qxg7+ Kxg7 28. Nxc5 bxc5 29. Rxc5 Kf6 30. d4 Rd2 31. Rc4 Kf5 32.
Kh2 Ke4 33. Rc7 h5 34. Rc6 Kf5 35. Rc5+ Kf4 36. d5 Ke5 37. Kg3 Rd4 38. a5 h4+
39. Kf3 Rf4+ 40. Ke3 Re4+ 41. Kd2 Ra4 42. Kc3 Ra2 43. Kc4 Rxg2 44. a6 Ra2 45.
Rc6 Ra4+ 46. Kc5 Ra5+ 47. Kb6 Ra3 48. d6 Rd3 49. a7 Rb3+ 50. Kc5 Rc3+ 51. Kb5
Rb3+ 52. Kc4 Ra3 53. d7 Ra4+ 54. Kc5 Ra5+ 55. Kb6 Rxa7 56. Kxa7 Kd5 57. Rxg6
Ke5 58. Rh6 Kf5 59. Kb7 Kg5 60. Rf6 Kxf6 61. d8=Q+ Kf5 62. Qxh4 Ke6 63. Qf4 Kd5
64. Kc7 Kc5 65. Qe4 Kb5 66. Qd4 Ka5 67. Kc6 Ka6 68. Qa4# {
QueenMaxima checkmated} 1-0

[Event "ICS rated blitz match"]
[Site "204.178.125.65"]
[Date "2001.09.01"]
[Round "?"]
[White "QueenMaxima"]
[Black "Hossa"]
[Result "0-1"]
[WhiteElo "2425"]
[BlackElo "2548"]
[PlyCount "138"]
[EventDate "2001.??.??"]

1. e4 c6 2. d4 d5 3. exd5 cxd5 4. Bd3 Nc6 5. Nf3 Bg4 6. c3 e6 7. O-O Bd6 8. h3
Bh5 9. Qb3 Qe7 10. Nbd2 O-O-O 11. Bb5 Qd7 12. Ne5 Bxe5 13. dxe5 Nge7 14. Re1
Qc7 15. Qa3 a6 16. Ba4 g5 17. Nf1 h6 18. Ng3 Bg6 19. Qc5 b6 20. Qe3 d4 21. cxd4
Rxd4 22. Bxc6 Nxc6 23. b3 Rd3 24. Qe2 Nd4 25. Qb2 Nc2 26. Be3 Nxe1 27. Rxe1
Rhd8 28. Nf1 Rd1 29. Rxd1 Rxd1 30. Qe2 Rd3 31. f4 gxf4 32. Bxf4 Qc5+ 33. Kh1 h5
34. Bg5 Qb5 35. Qe1 Qc6 36. Kg1 Qc5+ 37. Kh1 Qc2 38. Nd2 Qxa2 39. Qd1 Rd5 40.
Qc1+ Rc5 41. Qf1 Rxe5 42. Bf4 Rd5 43. Qc4+ Rc5 44. Qe2 e5 45. Bxe5 Rxe5 46.
Qxe5 Qxd2 47. Qe8+ Qd8 48. Qc6+ Kb8 49. Qc3 Qd1+ 50. Kh2 Qd6+ 51. g3 Qc5 52.
Qd2 Qc2 53. Qxc2 Bxc2 54. b4 a5 55. bxa5 bxa5 56. g4 hxg4 57. hxg4 Bf5 58. Kg3
Bxg4 59. Kxg4 a4 60. Kf5 a3 61. Kf6 a2 62. Kxf7 a1=Q 63. Ke7 Kc7 64. Ke6 Qa5
65. Kf6 Kd7 66. Kg6 Ke7 67. Kg7 Qh5 68. Kg8 Kf6 69. Kf8 Qh8# {
QueenMaxima checkmated} 0-1

[Event "ICS rated blitz match"]
[Site "204.178.125.65"]
[Date "2001.09.01"]
[Round "?"]
[White "Hossa"]
[Black "Tinker"]
[Result "1-0"]
[WhiteElo "2559"]
[BlackElo "2374"]
[PlyCount "65"]
[EventDate "2001.??.??"]

1. e4 c5 2. Nc3 Nc6 3. Nf3 d6 4. d4 cxd4 5. Nxd4 Nf6 6. Bg5 Bd7 7. Be2 Nxd4 8.
Qxd4 e5 9. Qd2 Bc6 10. f3 Be7 11. O-O-O O-O 12. Bxf6 Bxf6 13. Qxd6 Qa5 14. Qd2
Be7 15. Nd5 Qxd2+ 16. Kxd2 Bg5+ 17. Kc3 Rac8 18. Kb3 Be8 19. h4 Bd8 20. a4 f5
21. exf5 Kh8 22. g4 Rc5 23. Rh3 Ra5 24. Nc3 Bb6 25. Bb5 Bxb5 26. Nxb5 Rf7 27.
Rh2 a6 28. Rhd2 Rf8 29. Nd6 Be3 30. Rd3 Bd4 31. c3 Bb6 32. Nxb7 Rb8 33. Nxa5 {
Tinker resigns} 1-0

[Event "ICS rated blitz match"]
[Site "204.178.125.65"]
[Date "2001.09.01"]
[Round "?"]
[White "Tinker"]
[Black "Hossa"]
[Result "0-1"]
[WhiteElo "2366"]
[BlackElo "2567"]
[PlyCount "264"]
[EventDate "2001.??.??"]

1. e4 c5 2. Nf3 e6 3. d4 cxd4 4. Nxd4 d6 5. Nc3 Nc6 6. Be3 Nge7 7. Bc4 Ng6 8.
Nxc6 bxc6 9. O-O Be7 10. Qh5 O-O 11. Bd3 e5 12. Na4 Be6 13. Rfd1 Qc8 14. h3 f5
15. exf5 Bxf5 16. Nc3 d5 17. Na4 c5 18. Qe2 Bxd3 19. cxd3 Qc6 20. b3 Nh4 21.
Qg4 Nf5 22. Bg5 Bxg5 23. Qxg5 Qd6 24. Re1 Rac8 25. Rac1 Rc7 26. a3 g6 27. Qg4
Nd4 28. Rc3 Rf4 29. Qg3 a5 30. Nb2 Nb5 31. Rc2 Rf5 32. Nd1 Nd4 33. Ne3 Rh5 34.
Rb2 Rf7 35. Nc2 Nb5 36. b4 axb4 37. axb4 cxb4 38. Rxb4 Nc3 39. Rb3 Qc7 40. Ne3
Rf4 41. Nc4 Ne4 42. dxe4 dxc4 43. Rb5 Qd6 44. Qe3 Rhh4 45. Rc5 Rxe4 46. Qxe4
Rxe4 47. Rc8+ Kg7 48. Rxe4 Qd1+ 49. Kh2 Qd2 50. Rcxc4 Qxf2 51. Rxe5 Kf6 52. Rb5
Ke6 53. Ra4 Kf6 54. Ra6+ Kg7 55. Rb7+ Kh6 56. Raa7 Qf4+ 57. Kg1 Qe3+ 58. Kf1
Qf4+ 59. Ke1 Qe3+ 60. Kd1 Qg1+ 61. Kc2 Qxg2+ 62. Kb1 Qf1+ 63. Ka2 Qe2+ 64. Ka3
Qd3+ 65. Kb4 Qd4+ 66. Ka3 Qe3+ 67. Ka4 Qe8+ 68. Kb4 Qe4+ 69. Ka5 Qe1+ 70. Kb6
Qb4+ 71. Kc7 Qc5+ 72. Kd8 Qd6+ 73. Rd7 Qb8+ 74. Ke7 Qe5+ 75. Kf8 Kg5 76. h4+
Kxh4 77. Rxh7+ Kg5 78. Rhe7 Qd6 79. Rad7 Qa3 80. Ke8 Qa8+ 81. Rd8 Qc6+ 82. Red7
Kf5 83. Kf7 Qe6+ 84. Kg7 g5 85. Rd5+ Ke4 86. Rd4+ Ke5 87. Rd1 Qf6+ 88. Kh7 Qc6
89. Re1+ Kf5 90. Rf8+ Kg4 91. Rfe8 Qc2+ 92. Kh6 Qg2 93. Kg6 Kh4 94. Rh1+ Kg4
95. Rc1 Kg3 96. Rc3+ Kf4 97. Rc5 g4 98. Rf5+ Kg3 99. Ref8 Qe4 100. Kg5 Qc6 101.
R8f7 Qh1 102. Rf4 Qc1 103. R7f5 Kh3 104. Kh5 g3 105. Rh4+ Kg2 106. Rg4 Qc7 107.
Rgf4 Qh7+ 108. Kg4 Qg7+ 109. Kh4 Qh6+ 110. Kg4 Qh8 111. Rf3 Qg7+ 112. Kh5 Kh3
113. R5f4 Qe5+ 114. Kg6 Qb5 115. Kf6 Qd5 116. Rf1 Qd6+ 117. Kf5 Qc5+ 118. Ke4
Qc4+ 119. Ke3 Qd5 120. Rf7 Qe5+ 121. Kf3 Qc3+ 122. Ke4 Qc4+ 123. Ke5 Qc5+ 124.
Ke4 Qc2+ 125. Ke3 Qc5+ 126. Ke4 Qc2+ 127. Ke3 g2 128. R7f3+ Kh2 129. R3f2 Qc3+
130. Ke2 Qc4+ 131. Ke1 Qd3 132. Re2 Qc3+ {Tinker resigns} 0-1

[Event "ICS rated blitz match"]
[Site "204.178.125.65"]
[Date "2001.09.01"]
[Round "?"]
[White "Hossa"]
[Black "Tinker"]
[Result "1-0"]
[WhiteElo "2575"]
[BlackElo "2358"]
[PlyCount "127"]
[EventDate "2001.??.??"]

1. e4 c5 2. Nf3 d6 3. Bb5+ Bd7 4. c4 Nc6 5. d4 cxd4 6. Nxd4 Nxd4 7. Bxd7+ Qxd7
8. Qxd4 e5 9. Qd3 f5 10. exf5 Ne7 11. Nc3 Nxf5 12. Be3 Nxe3 13. fxe3 O-O-O 14.
O-O Kb8 15. Nd5 Rc8 16. Rf2 g6 17. Raf1 Bh6 18. e4 Rhf8 19. b4 Bg7 20. g3 h6
21. Rxf8 Rxf8 22. Rf2 Rxf2 23. Kxf2 Qh3 24. Kg1 a6 25. Qe2 Qc8 26. Kg2 Qc6 27.
Qd3 Ka8 28. h3 Ka7 29. a3 Qd7 30. Qd1 b6 31. Qg1 Qc6 32. a4 Kb8 33. Qxb6+ Qxb6
34. Nxb6 Kb7 35. Nd5 g5 36. b5 a5 37. Kf2 h5 38. Kf3 Ka7 39. g4 h4 40. Ke3 Kb7
41. Kd3 Bf8 42. Ke2 Ka7 43. Kf1 Bg7 44. Kg1 Kb8 45. c5 dxc5 46. Nb6 Ka7 47. Nc4
Bf6 48. Nxa5 Bg7 49. Nc4 Bf6 50. a5 Bg7 51. Nd6 Bf8 52. Nf7 c4 53. Nxe5 c3 54.
Nd3 c2 55. e5 Ba3 56. e6 Kb7 57. Kf2 Kc7 58. b6+ Kb7 59. Ke2 Ka6 60. Kd2 Bd6
61. Kxc2 Kb7 62. Kb3 Be7 63. Kc4 Ka6 64. Nc5+ {Tinker resigns} 1-0

[Event "ICS rated blitz match"]
[Site "204.178.125.65"]
[Date "2001.09.01"]
[Round "?"]
[White "Tinker"]
[Black "Hossa"]
[Result "1-0"]
[WhiteElo "2351"]
[BlackElo "2582"]
[PlyCount "87"]
[EventDate "2001.??.??"]

1. e4 e6 2. d4 d5 3. Nd2 c5 4. exd5 Qxd5 5. Ngf3 cxd4 6. Bc4 Qd8 7. O-O Nc6 8.
Nb3 a6 9. Nbxd4 Nxd4 10. Nxd4 Qc7 11. Bd3 Bd6 12. h3 Nf6 13. c3 Bd7 14. Bg5
O-O-O 15. Bxf6 gxf6 16. Qh5 Rdg8 17. Rfd1 Ba4 18. Re1 Bh2+ 19. Kh1 Be5 20. Qh4
h5 21. Nf3 Bc6 22. Be4 Qb6 23. Nxe5 fxe5 24. Bxc6 Qxc6 25. f3 Qd5 26. Qe7 Rh7
27. Rad1 Qxa2 28. Qc5+ Kb8 29. Qxe5+ Ka8 30. Rd2 Qc4 31. Red1 Rhh8 32. Rd7 Qa2
33. Qe2 f5 34. Kg1 f4 35. R7d6 Re8 36. Qe4 e5 37. Qb4 Rh7 38. Rd8+ Rxd8 39.
Rxd8+ Ka7 40. Qc5+ b6 41. Qc8 Qa1+ 42. Kh2 Qg1+ 43. Kxg1 Rd7 44. Rxd7# {
Hossa checkmated} 1-0

[Event "ICS rated standard match"]
[Site "204.178.125.65"]
[Date "2001.09.01"]
[Round "?"]
[White "Hossa"]
[Black "petereks"]
[Result "0-1"]
[WhiteElo "2246"]
[BlackElo "2488"]
[PlyCount "101"]
[EventDate "2001.??.??"]

1. e4 c5 2. Nc3 Nc6 3. Nf3 Nf6 4. Bb5 g6 5. e5 Ng4 6. Bxc6 dxc6 7. h3 Nh6 8. d3
Bg7 9. Bf4 Nf5 10. Qd2 Nd4 11. O-O-O Nxf3 12. gxf3 Be6 13. Kb1 h6 14. Qe2 Qd4
15. Bg3 O-O-O 16. Qe1 h5 17. h4 Rd7 18. Rf1 Rhd8 19. b3 b6 20. a3 Bf5 21. Ne2
Qd5 22. f4 Qe6 23. Qc3 Be4 24. f3 Bd5 25. a4 f6 26. a5 Kb7 27. Qb2 Qh3 28. Qa1
c4 29. Rh1 Qg2 30. Rh2 Qxf3 31. axb6 axb6 32. bxc4 Bxc4 33. Qa4 Bd5 34. e6 Bxe6
35. Qb4 Ra8 36. Bf2 Kc8 37. Re1 f5 38. Kc1 Ra1+ 39. Kd2 Rxd3+ 40. cxd3 Ra2+ 41.
Kc1 Qxd3 42. Nd4 c5 43. Qb2 Rxb2 44. Kxb2 Qd2+ 45. Kb1 Bxd4 46. Bxd4 Qxe1+ 47.
Kb2 cxd4 48. Rc2+ Kd7 49. Rc1 Qb4+ 50. Kc2 Qb3+ 51. Kd2 {Hossa resigns} 0-1

[Event "ICS rated blitz match"]
[Site "204.178.125.65"]
[Date "2001.09.01"]
[Round "?"]
[White "Hossa"]
[Black "ROVER2002"]
[Result "1-0"]
[WhiteElo "2557"]
[BlackElo "2242"]
[PlyCount "87"]
[EventDate "2001.??.??"]

1. e4 d6 2. Nc3 Nf6 3. Nf3 g6 4. Bc4 Bg7 5. O-O O-O 6. d3 c6 7. e5 dxe5 8. Nxe5
Nbd7 9. Nxd7 Bxd7 10. Re1 e6 11. d4 b5 12. Bd3 a6 13. Bg5 Qc7 14. Qf3 Nd5 15.
Nxd5 cxd5 16. c3 a5 17. Bf4 Qb6 18. Qg3 Rfc8 19. Qh4 b4 20. Rac1 bxc3 21. bxc3
Bb5 22. Rb1 Rxc3 23. Bxb5 Qxd4 24. Bg5 Qc5 25. a4 Bd4 26. Bf6 Bxf6 27. Qxf6 Rc8
28. Bd7 Rf8 29. Rxe6 Qc7 30. Rc6 Rxc6 31. Qxc6 Qe5 32. Qb5 Kg7 33. Qxa5 Qd6 34.
Rb7 d4 35. Qb4 Qe5 36. Bb5 Rd8 37. Bc4 d3 38. Rxf7+ Kh8 39. Bxd3 Qa1+ 40. Bf1
Qd4 41. Qe7 Kg8 42. Rg7+ Kh8 43. Rxh7+ Kg8 44. Qf7# {ROVER2002 checkmated} 1-0

[Event "ICS rated blitz match"]
[Site "204.178.125.65"]
[Date "2001.09.01"]
[Round "?"]
[White "lupica"]
[Black "Hossa"]
[Result "0-1"]
[WhiteElo "2192"]
[BlackElo "2561"]
[PlyCount "62"]
[EventDate "2001.??.??"]

1. d4 Nf6 2. Nf3 Nc6 3. d5 Nb8 4. c4 e6 5. Nc3 Bc5 6. g3 exd5 7. cxd5 O-O 8.
Bg2 d6 9. O-O a6 10. a3 Re8 11. b4 Bb6 12. Bb2 Bd7 13. Nd4 Qc8 14. Re1 Bh3 15.
Bh1 a5 16. Na4 Bxd4 17. Qxd4 Nbd7 18. b5 Bg4 19. e4 Ne5 20. Re3 Bh3 21. f3 Qd7
22. Nc3 c5 23. bxc6 bxc6 24. dxc6 Nxc6 25. Qa4 Qa7 26. Rae1 Qc5 27. Qb5 Rab8
28. Qxc5 dxc5 29. Ba1 Nd4 30. Rb1 Rxb1+ 31. Nxb1 Nc2 {lupica resigns} 0-1

[Event "ICS rated blitz match"]
[Site "204.178.125.65"]
[Date "2001.09.01"]
[Round "?"]
[White "Hossa"]
[Black "lupica"]
[Result "1-0"]
[WhiteElo "2564"]
[BlackElo "2189"]
[PlyCount "89"]
[EventDate "2001.??.??"]

1. e4 c5 2. Bc4 e6 3. Nf3 a6 4. O-O Nc6 5. d4 cxd4 6. Nxd4 Qc7 7. Nxc6 Qxc6 8.
Bd3 b5 9. Bf4 Bb7 10. Nd2 Nf6 11. Re1 Bc5 12. Nb3 Ba7 13. Na5 Qc8 14. Bd6 Bb8
15. Nxb7 Qxb7 16. Bxb8 Rxb8 17. e5 Nd5 18. Be4 Rc8 19. Qg4 O-O 20. Qh4 h6 21.
Rad1 Qc7 22. Bxd5 exd5 23. c3 Qc5 24. Qg4 Qc4 25. Qxc4 Rxc4 26. Rxd5 b4 27.
cxb4 Rc2 28. Rxd7 Rxb2 29. a3 Rc8 30. Ra7 Rcc2 31. Rf1 Re2 32. Ra8+ Kh7 33.
Rxa6 Rxe5 34. h4 Ra2 35. g3 Re4 36. b5 Re6 37. Rxe6 fxe6 38. Re1 Rxa3 39. Rxe6
Rb3 40. Rb6 h5 41. Kg2 g6 42. Rb7+ Kh6 43. b6 g5 44. hxg5+ Kxg5 45. f4+ {
lupica resigns} 1-0

[Event "ICS rated blitz match"]
[Site "204.178.125.65"]
[Date "2001.09.01"]
[Round "?"]
[White "lupica"]
[Black "Hossa"]
[Result "0-1"]
[WhiteElo "2186"]
[BlackElo "2567"]
[PlyCount "82"]
[EventDate "2001.??.??"]

1. d4 d6 2. e4 g6 3. Nc3 a6 4. Be3 f5 5. Bd3 fxe4 6. Nxe4 Bg7 7. Qd2 c5 8. Ne2
c4 9. Bxc4 d5 10. Bxd5 Qxd5 11. N2c3 Qa5 12. O-O Nf6 13. Nxf6+ Bxf6 14. a3 O-O
15. b4 Qh5 16. Rad1 a5 17. Ne2 axb4 18. axb4 Bd7 19. c4 Rc8 20. Rc1 Qh4 21. Nf4
Bc6 22. d5 Bd7 23. g3 Qg4 24. Rfe1 Qf3 25. Bd4 Bg5 26. Qe3 Ra3 27. Qxf3 Rxf3
28. Re3 Rxf4 29. gxf4 Bxf4 30. c5 Bxe3 31. fxe3 Na6 32. Rb1 Bf5 33. Rb2 Rd8 34.
b5 Nc7 35. d6 exd6 36. c6 bxc6 37. bxc6 Rc8 38. Rb7 Be4 39. Bb6 Nb5 40. Bd4
Nxd4 41. exd4 Rxc6 {lupica resigns} 0-1

[Event "ICS rated blitz match"]
[Site "204.178.125.65"]
[Date "2001.09.01"]
[Round "?"]
[White "Hossa"]
[Black "lupica"]
[Result "1-0"]
[WhiteElo "2570"]
[BlackElo "2183"]
[PlyCount "75"]
[EventDate "2001.??.??"]

1. e4 c5 2. Bc4 e6 3. Nf3 Nc6 4. Nc3 a6 5. d3 b5 6. Bb3 Bb7 7. O-O d6 8. Bf4
Nf6 9. a4 b4 10. Ne2 Be7 11. e5 dxe5 12. Nxe5 Nxe5 13. Bxe5 O-O 14. Qd2 Bd6 15.
Qg5 Bxe5 16. Qxe5 Nd5 17. Qh5 Qf6 18. Rab1 a5 19. Rfe1 Rac8 20. Bc4 Nb6 21. Bb5
g6 22. Qh6 Nd5 23. Bc4 Nb6 24. b3 Rfd8 25. Bb5 Nd5 26. Rbc1 Ne7 27. Ng3 Qg7 28.
Qh4 Nf5 29. Nxf5 gxf5 30. Qh3 Rd4 31. f3 Rcd8 32. Kf2 Qg5 33. Qg3 h6 34. Qc7
Ba8 35. Qxc5 Kh7 36. Qa7 Kg7 37. Bc4 Bd5 38. Qxd4+ {lupica resigns} 1-0

[Event "ICS rated blitz match"]
[Site "204.178.125.65"]
[Date "2001.09.01"]
[Round "?"]
[White "lupica"]
[Black "Hossa"]
[Result "0-1"]
[WhiteElo "2180"]
[BlackElo "2573"]
[PlyCount "96"]
[EventDate "2001.??.??"]

1. e4 e6 2. d4 d5 3. Nc3 Bb4 4. e5 c5 5. a3 Bxc3+ 6. bxc3 Ne7 7. Nf3 Qc7 8. Bd3
c4 9. Be2 f6 10. a4 Bd7 11. Ba3 Nc8 12. exf6 gxf6 13. Nh4 Bxa4 14. Bh5+ Kd8 15.
O-O Be8 16. Re1 Bxh5 17. Qxh5 Re8 18. Nf5 Qd7 19. Nh6 Qg7 20. Re3 Qg6 21. Qh3
Nd7 22. f4 Qxc2 23. Nf7+ Kc7 24. f5 e5 25. Qxh7 Qd2 26. Rae1 Qa2 27. dxe5 Qxa3
28. e6 Nf8 29. Qh4 Qe7 30. Qd4 Nb6 31. g4 Kc6 32. h4 Nh7 33. Rg3 Qxf7 34. exf7
Rxe1+ 35. Kf2 Re4 36. Qd2 Rf8 37. g5 fxg5 38. hxg5 Rxf7 39. g6 Rxf5+ 40. Kg2
Nf6 41. g7 Ng8 42. Qa2 a6 43. Rg6+ Rf6 44. Rxf6+ Nxf6 45. Qf2 Rg4+ 46. Kh3 Nbd7
47. Qf5 Rxg7 48. Qe6+ Kc7 {lupica resigns} 0-1

[Event "ICS rated blitz match"]
[Site "204.178.125.65"]
[Date "2001.09.01"]
[Round "?"]
[White "Hossa"]
[Black "lupica"]
[Result "1-0"]
[WhiteElo "2576"]
[BlackElo "2177"]
[PlyCount "48"]
[EventDate "2001.??.??"]

1. e4 c5 2. Bc4 e6 3. Nf3 Nc6 4. Nc3 a6 5. d3 b5 6. Bb3 Na5 7. O-O Bb7 8. Bf4
Ne7 9. Bd6 Ng6 10. Bxf8 Kxf8 11. Qd2 Nxb3 12. axb3 e5 13. Ra2 d6 14. Rfa1 Ne7
15. Ng5 g6 16. f4 Kg7 17. fxe5 dxe5 18. Rf1 Rf8 19. Rxf7+ Rxf7 20. Ne6+ Kg8 21.
Nxd8 Rxd8 22. Qe3 Nc6 23. Qxc5 Rdf8 24. h3 Rf2 {lupica resigns} 1-0